000 01115nas a2200361 4500
001 BR0503113
003 BR-BrBNA
005 20231205105445.0
007 ta
008 230509b bl.|||p| |||| 00| 00por d
040 _aBR-BrBNA
_bpor
_cBiblioteca Nacional de Agricultura
041 _a(Pt)
072 _aL20
100 1 _aPandorfi, H.
100 1 _aSilva, I.J.O. da
100 1 _aMoura, D.J. de
100 1 _aSevegnani, K.B.
245 1 _aMicroclima de abrigos escamoteadores para leitões submetidos a diferentes sistemas de aquecimento no período de inverno
650 _aLEITÃO
650 _aABRIGO PARA ANIMAL
650 _aAQUECIMENTO
650 _aINVERNO
650 _aENERGIA ELÉTRICA
650 _aUMIDADE RELATIVA
650 _aANÁLISE ECONÔMICA
650 _aGANHO DE PESO
650 _aMORTALIDADE ANIMAL
650 _aMICROCLIMA
650 _aSÃO PAULO
773 0 _tRevista Brasileira de Engenharia Agrícola e Ambiental (Brazil)
_xISSN 1415-4366
_g(Jan-Mar 2005), v. 9(1) p. 99-106
_wBR0503113
909 _a202311
_bLúcia
_c55
_dLúcia Elande
942 _2AGRIS
_n0
_cANA
999 _c183062
_d183062